LDR 01360naa#a2200181#i#450# 001 RU\\bibl\121748 005 20260503193326.7 011 ## _a1998-8990 100 ## _a20260423b2026####ek#y0rusy0150####ca 102 ## _aRU 200 1# _aПОВЫШЕНИЕ ЭКОЛОГИЧЕСКОЙ БЕЗОПАСНОСТИ ДИЗЕЛЬНЫХ ДВИГАТЕЛЕЙ ПУТЕМ ИЗМЕНЕНИЯ ПРОДОЛЖИТЕЛЬНОСТИ ВПРЫСКА ТОПЛИВА _eЖурнальная статья 210 1# _aСанкт-Петербург _cСанкт-Петербургский университет Государственной противопожарной службы Министерства Российской Федерации по делам гражданской обороны, чрезвычайным ситуациям и ликвидации последствий стихийных бедствий имени Героя Российской Федерации генерала армии Е.Н. Зиничева _d2026 215 ## _a9 с. 608 ## _aЖурнальная статья _2local 675 ## _aДизели. Двигатели с воспламенением от сжатия. 621.436 _z 700 #1 _aМельберт _gАлла Александровна 700 #1 _aМашенская _gЕкатерина Александровна 856 4# _ajournals.igps.ru _u